00662nam a22001577a 4500003000800000005001700008008004100025040002100066082001700087110001900104245016500123260003900288300002600327500012900353650002200482BD-DhUL20180328103821.0180328s1984 xxu||||| |||| 001 0 eng d aBD-DhULcBD-DhUL a341.132bUNR 0aUnited Nations 0aReport of the special committee on the charter of the United Nations and on the strengthening of the role of the organization : 39 th session /cUnited Nations aNew York :bUnited Nations,c1984. aiii, 43 p. ; c28 cm. a"General assembly, official records : thirty-ninth session, supplements no. 33(A/39/33)" Includes bibliographical references 0aInternational law